000 00455nam a2200181Ia 4500
003 GCL
008 140319s9999 xx 000 0 eng d
040 _aGCL /
_cGCL
082 0 4 _aCH
_b932
_bW C
100 1 _aCHISHOIN, JANE
245 1 0 _aWHO BUILT THE PYRAMIDS ? /
_cCHISHOIN, JANE
700 1 _aREID, STRUAN
260 _a[S.N] :
_bUSBORNE PUBLISHING LTD ،
_c1996
300 _a32 P
650 0 4 _aCHILDREN
650 0 4 _aPYRAMIDS
942 _2ddc
_cBK
999 _c13738
_d13738